000 00634nam a2200229Ia 4500
003 OSt
005 20220926010524.0
006 a|||||r|||| 00| 0
007 ta
008 220923b |||||||| |||| 00| 0 eng d
037 _cGeneral Book
040 _aRTL
_cRTL
_beng
041 _2eng
_aeng
082 _aU47, L8
100 _aStokes Bruce
_9312477
245 0 _aLocal responses to global problems
_b A key to meet
260 _a New Delhi
_bWorld-Watch Paper
_c1978
300 _a63p
_ccm.
490 _aWorld Watch Paper; 17
942 _hU47, L8
_cGB
_2CC
999 _c617502
_d617502